LEADER 01384oam 2200397z- 450 001 9910149396603321 005 20140314081727.0 010 $a1-60907-669-9 035 $a(CKB)3710000000933498 035 $a(EXLCZ)993710000000933498 100 $a20220209c2013uuuu -u- - 101 0 $aeng 181 $2rdacontent 182 $2rdamedia 183 $2rdacarrier 200 14$aThe mark of a giant $e7 people who changed the world /$fTed Stewart ; with a Foreword by Chris Stewart 210 $cShadow Mountain 210 1$a[Salt Lake City, Utah] :$cShadow Mountain,$d[2013] 215 $ax, 262 pages ;$d24 cm 311 $a1-60907-181-6 320 $aIncludes bibliographical references (pages 251-254) and index. 327 $aIntroduction : Giants -- Abraham of Ur -- Pericles the Greek -- Paul : apostle to the gentiles -- The incomparable Mr. Newton -- Madame Marie Curie -- Dr. Martin Luther King Jr -- Mother Teresa -- Conclusion : are there giants among us? 517 $aMark of a Giant 606 $aReligious leaders$vBiography 606 $aScientists$vBiography 615 0$aReligious leaders 615 0$aScientists 676 $a920 700 $aStewart$b Ted$01243789 801 0$bUPB/DLC 801 1$bUPB 801 2$bDLC 906 $aBOOK 912 $a9910149396603321 996 $aThe mark of a giant$92885059 997 $aUNINA